|
|
|
|
| LEADER |
00000nab a2200000 a 4500 |
| 001 |
vtls000857999 |
| 003 |
SK-MaSNL |
| 005 |
20260302171624.0 |
| 008 |
180207c2003 xo 0 slo |
| 015 |
|
|
|a SNBRB2004/01-00528
|
| 035 |
|
|
|a CLN000209649
|
| 040 |
|
|
|a SNKBUCL
|b slo
|c SNKBUCL
|e AACR2
|
| 041 |
0 |
|
|a slo
|
| 044 |
|
|
|a xo
|c SK
|
| 080 |
|
|
|a 796.928.093.1(100)
|2 UDC-MRF-SK2
|
| 245 |
0 |
0 |
|a Kráľ Ole Einar nepožičiava žezlo
|b Svetový pohár v biatlone - 2. kolo: Slováci bez bodového zisku
|
| 300 |
|
|
|b Fotogr.
|
| 650 |
0 |
7 |
|a lyžovanie
|x biatlon
|x Svetový pohár
|x kolo 2.
|z Hochfilzen (Rakúsko)
|y 2003
|2 snkbucl
|9 876129
|
| 655 |
|
7 |
|a články z novín a časopisov
|2 snkbucl
|9 267496
|
| 773 |
0 |
|
|x 0139-7001
|t Šport
|g Roč. 57, č. 287 (15.12.2003), s. 17
|
| 850 |
|
|
|a Slovenská národná knižnica v Martine
|
| 852 |
|
|
|a SNK
|b KIS3GCP
|
| 958 |
|
|
|a RBX
|
| 999 |
|
|
|c 1396383
|d 1398313
|